000 01316nam a2200313 i 4500
001 47709
003 ES-MaACL
005 20230906161621.0
007 t|
008 021108s2002 sp ||||0| spa
020 _a84-95486-54-7
080 _a821.134.2 Cernuda, Luis (083.824)
080 _a929 Cernuda, Luis (083.824)
080 _a7.036(460)(083.824)
100 1 _aCernuda, Luis,
_d1902-1963
_937529
245 1 0 _aPalabras y miradas :
_bLuis Cernuda y la vanguardia histórica española : [exposición] convento de Santa Inés, Sevilla, septiembre-noviembre, 2002 /
_cedición a cargo de Jaime Brihuega.
260 _a[Madrid] :
_bSociedad Estatal de Conmemoraciones Culturales :
_bAmigos de la Residencia de Estudiantes,
_c[2002]
300 _a104 p :
_bil. col. y n ;
_c26 cm.
600 1 4 _aCernuda, Luis,
_d1902-1963-
_vExposiciones
_937534
650 4 _aArte español-
_yS.XX-
_vExposiciones.
_910206
650 4 _aVanguardias (Arte)-
_zEspaña.
_9173029
655 7 _2tgfbne
_9193628
_aCatálogos de exposiciones
700 1 _aBrihuega, Jaime.
_931733
710 2 _aResidencia de Estudiantes (Madrid).
_bAsociación de Amigos.
_96438
710 2 _aSociedad Estatal de Conmemoraciones Culturales (España)
_9134893
852 4 _aES-MaACL
_jL-26332
942 _2udc
999 _c47709
_d47709